000 00281nam a2200121Ia 4500
008 241002s9999 xx 000 0 und d
082 _a808.3 COP
100 _aCoppard, A.E
245 0 _aAdam and Eve and Pinch me
260 _aLondon:
_c1946
600 _aLiterature
942 _cUC
999 _c18854
_d18854